Reuse of treated fruit processing wastewater in a cannery /

Guardado en:
Autor Principal: Esvelt, Larry A.
Autores Corporativos: Industrial Environmental Research Laboratory (Cincinnati, Ohio), Esvelt Environmental Engineering.
Formato: Libro
Idioma:English
Publicado: Cincinnati, Ohio : Environmental Research Laboratory, Office of Research and Development, Environmental Protection Agency, c1978.
Series:Research reporting series
Materias:
Etiquetas: Agregar Etiqueta
Sin Etiquetas, Sea el primero en etiquetar este registro!
LEADER 00972nam a22002175a 4500
001 EIQ.libpla001345
008 060913s1978####ohuao####b###f000#0#eng#d
005 20070323144526.0
245 1 0 |a Reuse of treated fruit processing wastewater in a cannery /  |c by Larry A. Esvelt, Esvelt Environmental Engineering. 
260 |a Cincinnati, Ohio :  |b Environmental Research Laboratory, Office of Research and Development, Environmental Protection Agency,  |c c1978. 
300 |a xiv, 111 p. :  |b il., fotos, tablas ;  |c 28 cm. 
440 0 |a Research reporting series 
500 |a EPA-600/2-78-203. 
504 |a Bibliografía: p. 103. 
100 1 |a Esvelt, Larry A. 
710 2 |a Industrial Environmental Research Laboratory (Cincinnati, Ohio) 
710 2 |a Esvelt Environmental Engineering. 
650 4 |a Procesamiento de frutas  |x Tratamiento de aguas. 
650 4 |a Fruit processing  |x Water treatment. 
040 |a AR-BbSID  |b spa  |c AR-BbSID 
859 |a AR-BbSID  |b BIB. PLAPIQUI  |h 628.168 3  |i Es 92  |p 1413